书目信息 |
| 题名: |
九华山
|
|
| 作者: | 杨晓丽 遍著 | |
| 分册: | ||
| 出版信息: | 长春 吉林文史出版社 2010.04 |
|
| 页数: | 120页 | |
| 开本: | 23cm | |
| 丛书名: | ||
| 单 册: | ||
| 中图分类: | K928.3 | |
| 科图分类: | ||
| 主题词: | ||
| 电子资源: | ||
| ISBN: | 978-7-5463-1292-7 | |
| 000 | 00696nam0 2200253 450 | |
| 001 | 004710316 | |
| 005 | 20100813102216.29 | |
| 010 | @a978-7-5463-1292-7@dCNY22.00 | |
| 100 | @a20100515d2010 em y0chiy50 ea | |
| 101 | 0 | @achi |
| 102 | @aCN@b220000 | |
| 105 | @aa z 000yy | |
| 200 | 1 | @a九华山@Ajiu hua shan@f杨晓丽编著 |
| 205 | @a第2版 | |
| 210 | @a长春@c吉林文史出版社@d2010.04 | |
| 215 | @a120页@c照片@d23cm | |
| 300 | @a中国文化知识读本/金开诚主编 | |
| 330 | @a本书内容包括:九华圣地、景区概览、人文风情、九华奇观等。 | |
| 606 | @0 | |
| 607 | @a九华山@x简介 | |
| 690 | @aK928.3@v4 | |
| 701 | 0 | @a杨晓丽@Ayang xiao li@4遍著 |
| 801 | 0 | @aCN@c20100515 |
| 905 | @dK928.3@eY300=2@f5 | |
| 九华山/杨晓丽编著.-第2版.-长春:吉林文史出版社,2010.04 |
| 120页:照片;23cm |
| 中国文化知识读本/金开诚主编 |
| ISBN 978-7-5463-1292-7:CNY22.00 |
| 本书内容包括:九华圣地、景区概览、人文风情、九华奇观等。 |
| ● |
| 相关链接 |
|
|
|
正题名:九华山
索取号:K928.3/Y300=2
 
预约/预借
| 序号 | 登录号 | 条形码 | 馆藏地/架位号 | 状态 | 备注 |
| 1 | 1026924 | 210269243 | 社科库309/309社科库 15排4列6层/ [索取号:K928.3/Y300=2] | 在馆 | |
| 2 | 1026925 | 210269252 | 社科库309/309社科库 15排4列6层/ [索取号:K928.3/Y300=2] | 在馆 | |
| 3 | 1026926 | 210269261 | 自科二线404/400A自科库 33排3列5层/ [索取号:K928.3/Y300=2] | 在馆 | |
| 4 | 1026927 | 210269270 | 自科二线404/400A自科库 33排3列5层/ [索取号:K928.3/Y300=2] | 在馆 | |
| 5 | 1026928 | 210269289 | 自科二线404/400A自科库 33排3列5层/ [索取号:K928.3/Y300=2] | 在馆 |